LEADER 00917nam0-22003251i-450- 001 990008113650403321 005 20050530103843.0 010 $a0-321-20470-0 035 $a000811365 035 $aFED01000811365 035 $a(Aleph)000811365FED01 035 $a000811365 100 $a20050517d2004----km-y0itay50------ba 101 0 $aeng 102 $aUS 105 $a--------001yy 200 1 $aMultinational business finance$fDavid K. Eiteman, Arthur I.Stonehill, Michael H.Moffett 205 $a10th ed. 210 $aBoston$cPearson$d2004 215 $aXXI, 768 p.$d24 cm 700 1$aEiteman,$bDavid K.$0497741 701 1$aStonehill,$bArthur I.$0106208 702 1$aMoffett,$bMichael H. 801 0$aIT$bUNINA$gRICA$2UNIMARC 901 $aBK 912 $a990008113650403321 952 $a4-9-685-TI$b8689$fECA 959 $aECA 996 $aMultinational business finance$9757746 997 $aUNINA LEADER 03234nam 2200601 a 450 001 9910779578503321 005 20200520144314.0 010 $a90-04-24502-2 010 $a1-299-10487-8 024 7 $a10.1163/9789004245020 035 $a(CKB)2550000001006193 035 $a(EBL)1124374 035 $a(OCoLC)828299349 035 $a(SSID)ssj0000822519 035 $a(PQKBManifestationID)11442045 035 $a(PQKBTitleCode)TC0000822519 035 $a(PQKBWorkID)10757587 035 $a(PQKB)11005063 035 $a(MiAaPQ)EBC1124374 035 $a(OCoLC)828140166 035 $a(nllekb)BRILL9789004245020 035 $a(Au-PeEL)EBL1124374 035 $a(CaPaEBR)ebr10656002 035 $a(CaONFJC)MIL441737 035 $a(PPN)170737403 035 $a(EXLCZ)992550000001006193 100 $a20121116d2013 uy 0 101 0 $aeng 135 $aurun#|||uuuua 181 $ctxt$2rdacontent 182 $cc$2rdamedia 183 $acr$2rdacarrier 200 10$aSimeon the Righteous in rabbinic literature$b[electronic resource] $ea legend reinvented /$fby Amram Tropper 210 $aLeiden ;$aBoston $cBrill$d2013 215 $a1 online resource (vii, 249 pages) 225 1 $aAncient Judaism and early Christianity : Arbeiten zur Geschichte des antiken Judentums und des Urchristentums,$x1871-6636 ;$vv. 84 300 $aDescription based upon print version of record. 311 $a90-04-24498-0 320 $aIncludes bibliographical references and indexes. 327 $aThe rabbinic traditions -- 2. Simeon the Righteous, the great assembly of Avot and the rabbinization of early Second Temple Judaism -- 3. Simeon the Righteous and the origins of the world's three pillars -- 4. Simeon the Righteous and the narcissistic Nazirite -- 5. Simeon the Righteous and Alexander the Great -- 6. Simeon the Righteous and the Temple of Onias -- 7. Simeon the Righteous in Second Temple chronology. 330 $aIn Simeon the Righteous in Rabbinic Literature: A Legend Reinvented , Amram Tropper investigates the rabbinic traditions about Simeon the Righteous, a renowned Jewish leader of Second Temple times. Tropper not only interprets these traditions from a literary perspective but also deploys a relatively new critical approach towards rabbinic literature with which he explores the formation history of the traditions. With the help of this approach, Tropper seeks to uncover the literary and cultural matrices, both rabbinic and Graeco-Roman, which supplied the raw materials and literary inspiration to the rabbinic authors and editors of the traditions. Tropper?s analysis reveals that in reinventing the legend of Simeon the Righteous, the rabbis constructed the Second Temple past in the image of their own present. 410 0$aAncient Judaism and early Christianity ;$vv. 84. 606 $aRabbinical literature$xHistory and criticism 615 0$aRabbinical literature$xHistory and criticism. 676 $a296.1/20092 700 $aTropper$b Amram D$01519652 801 0$bMiAaPQ 801 1$bMiAaPQ 801 2$bMiAaPQ 906 $aBOOK 912 $a9910779578503321 996 $aSimeon the Righteous in rabbinic literature$93757883 997 $aUNINA LEADER 00981nam a2200253 a 4500 001 991003727349707536 005 20250306120409.0 008 191209s2017 enk 000 0 eng d 020 $a9780857857408 035 $ab14377779-39ule_inst 040 $aBibl. Dip.le Aggr. Scienze Economia - Sez. Settore Economico$bita 082 04$a307.14120941 100 1 $aMarsden, Terry$084264 245 10$aAgri-Food and rural development :$bsustainable place-making /$cTerry Marsden 260 $aLondon :$bBloomsbury,$c2017 300 $aXIV, 187 p. ;$c24 cm 490 1 $aContemporary food studies 650 4$aSviluppo economico$xZone rurali 907 $a.b14377779$b30-01-20$c09-12-19 912 $a991003727349707536 945 $aLE025 ECO 307 MAR03.01$g1$i2025000286504$lle025$nProf. De Rubertis$o-$pE26.16$q-$rl$s-$t0$u1$v8$w1$x0$y.i15917733$z30-01-20 996 $aAgri-Food and rural development$91751682 997 $aUNISALENTO 998 $ale025$b09-12-19$cm$da$e-$feng$git$h0$i0